00322nam a2200121Ia 4500008004100000040001600041041001200057082001400069100002600083245004900109260002500158300001700183230917s9999||||xx |||||||||||||| ||und|| e51838aMAIN aEnglish aB N315J:S aSharma, Jagdish Saran 0aJawaharlal Nehru: A descriptive bibliography aDelhibS Chandc1955 axiii, 421 p.